000 00975nmm a2200265 a 4500
001 ocm000597285
003 TR-IsHL
005 20201028125843.0
008 130927s2003 tu tur
007 cr cn
020 _a9789755127095
035 _a597285
_b(N$T)
050 0 4 _aHF328.T9
_bT53 2003
090 0 4 _aHF328.T9
_bT53 2003
245 1 0 _aTicaret ve sanayi odaları, ticaret odaları, sanayi odaları, deniz ticaret odaları, ticaret borsaları ve Türkiye ticaret, sanayi, deniz ticaret odaları ve ticaret borsaları birliği kanunu ve tüzüğü
_h[electronic resource]
250 _a1. bs.
260 _aİstanbul :
_bİstanbul Ticaret Odası,
_c2003
300 _a66 p.
650 4 _aHukuk
650 4 _aLaw
650 0 _aTicaret odaları
_x Türkiye
650 0 _aBoards of trade
_x Turkey
650 7 _aLAW / Commercial / General
_2bisacsh
856 4 0 _uhttp://search.ebscohost.com/login.aspx?direct=true&scope=site&db=e011xww&AN=597285
999 _c3706
_d3706